Movies Quiz

Random Movies or Blitz Quiz

Movie Character Blitz X Quiz Stats

 Plays Quiz Updated May 30, 2019

Score 0/16 Timer 01:00
29 Plays Today
% Correct
Wonder Woman
92.4%
Crocodile Dundee
89%
Bilbo Baggins
87.3%
Michael Myers
83.6%
Sweeney Todd
82.9%
Captain Quint
66.2%
John 'Bluto' Blutarsky
63.1%
Jenny Curran
61.2%
% Correct
Tony Manero
56.2%
Roger 'Verbal' Kint
54.3%
Margo Channing
53.4%
Agatha Trunchbull
52.1%
Dominick Cobb
41%
Jake Gittes
37.7%
Jane Craig
36.4%
Hans Beckert
29.5%

You're not logged in!

Compare scores with friends on all Sporcle quizzes.
OR
Log In

Sporcle TV

Today on Sporcle TV


Watch our educational content, quiz creation guides, and fun videos on Sporcle TV.

Show Comments

Extras

Top Quizzes Today


Score Distribution

Your Account Isn't Verified!

In order to create a playlist on Sporcle, you need to verify the email address you used during registration. Go to your Sporcle Settings to finish the process.

Report this User

Report this user for behavior that violates our Community Guidelines.

Details: